Procedimientos para la selección y contratación de servicios de consultoría en proyectos viales con financiamiento de organismos internacionales, Banco Interamericano de Desarrollo y Banco Mundial.

El presente trabajo presenta los procedimientos para la selección y contratación de servicios de consultoría en proyectos viales con financiamiento de organismos internacionales, Banco Interamericano de Desarrollo y Banco Mundial, explicando el ciclo de vida de un proyecto y describir sus fases d...

Full description

Bibliographic Details
Main Author: Díaz Rostrán Bertha Cristina
Other Authors: Tutor: Zamora Rivera, Manuel Antonio
Format: Tesis Section = Libro
Language:Undetermined
Spanish
Published: Managua UNI 1998
Subjects:
LEADER 01612nam a2200265Ia 4500
008 240830s9999 xx 000 0 und d
040 |a BIBLIOTECA-RUPAP Mon 625.14 D542 
041 |a spa 
082 |a Mon 625.14 D542 
100 1 |a Díaz Rostrán Bertha Cristina 
245 1 0 |a Procedimientos para la selección y contratación de servicios de consultoría en proyectos viales con financiamiento de organismos internacionales, Banco Interamericano de Desarrollo y Banco Mundial. 
260 |a Managua  |b UNI  |c 1998 
300 |a p. irreg. :il. 
500 |a Contiene: anexos. 
502 |a Tesis (Ingeniero Civil)- UNI, 1998. 
520 3 |a El presente trabajo presenta los procedimientos para la selección y contratación de servicios de consultoría en proyectos viales con financiamiento de organismos internacionales, Banco Interamericano de Desarrollo y Banco Mundial, explicando el ciclo de vida de un proyecto y describir sus fases desde que se concibe hasta que se entra en operación, examinando cada uno de los roles de los principales ejecutores en el campo de proyectos viales a nivel nacional, conocer las perspectivas del financiamiento externo en proyectos del sector transporte y analizar un procedimiento general para la selección y contratación de servicios de consultoría. 
650 7 |a CARRETERAS – COSNTRUCCION 
650 7 |b CAMINOS DE PAVIMENTO 
650 7 |c CAMINOS REVESTIDOS 
650 7 |d TOPOGRAIFA DEL TERRENO 
650 7 |e MANTENIMIENTO DE CAMINOS – CARRETERAS 
700 1 |a Tutor:  |b Zamora Rivera, Manuel Antonio 
942 |c BK  |2 ddc 
991 |a TESIS 
999 |c 15954